[Event "SVR-op"]
[Site "Hennweiler"]
[Date "2018.03.24"]
[Round "2"]
[White "Greber, Jakob"]
[Black "Hoffmann, Tom"]
[Result "1-0"]
[WhiteElo "1356"]
[BlackElo "764"]
[PlyCount "27"]
[EventDate "2018.03.24"]
[EventType "swiss"]
[EventRounds "7"]
[EventCountry "GER"]
[SourceTitle "EXT 2020"]
[Source "ChessBase"]
[SourceDate "2019.10.17"]
[SourceVersion "1"]
[SourceVersionDate "2019.10.17"]
[SourceQuality "1"]

1. d4 g6 2. c4 Nc6 3. Nc3 Bg7 4. e3 e5 5. Nf3 d6 6. Be2 Bg4 7. 0-0 exd4 8. Nxd4 Nxd4 9. Bxg4 Nc6 10. f4 Qh4 11. Nd5 Nf6 12. Nxc7+ Kd8 13. Qxd6+ Nd7 14. Qxd7# 1-0